000 00511nam a2200169Ia 4500
008 090711s9999 xx 000 0 und d
082 _b73335
100 _aवाळिंबे सुरेश
245 _aनाती नियतीSाी
260 _c1994
300 _a98
600 _aवाळिंबे सुरेश
630 _aनाती नियतीSाी
700 _aवाळिंबे सुरेश
730 _aनाती नियतीSाी
942 _cBOOK
999 _c304512
_d304512